logo

Bir Sreshtho Munshi Abdur Rouf Library
Jhenaidah Cadet College

Society and culture in medieval India, 1206-1556 A.D. / (Record no. 7420)

MARC details
000 -LEADER
fixed length control field 00875cam a2200277 4500
001 - CONTROL NUMBER
JCCL Control Number 7420
003 - CONTROL NUMBER IDENTIFIER
JCCL marc code BD-JhCC
005 - DATE AND TIME OF LATEST TRANSACTION
control field 20180418174553.0
008 - FIXED-LENGTH DATA ELEMENTS--GENERAL INFORMATION
fixed length control field 710402s1969 ii b 001 0 eng
035 ## - SYSTEM CONTROL NUMBER
system control number (BD-JhCC)7420
040 ## - CATALOGING SOURCE
Original cataloging agency DLC
Transcribing agency DLC
Modifying agency DLC
-- (BD-JhCC)
041 ## - LANGUAGE CODE
Language code of Book eng
050 00 - LIBRARY OF CONGRESS CALL NUMBER
Classification number DS427
Item number .R37
082 00 - DEWEY DECIMAL CLASSIFICATION NUMBER
Classification number 954.02
DDC Edition number 19
Author mark and Year RAS 1969
100 1# - MAIN ENTRY--PERSONAL NAME
Personal name Rashid, A.,
Titles and other words associated with a name Ph.D.
245 10 - TITLE STATEMENT
Title Society and culture in medieval India, 1206-1556 A.D. /
Statement of responsibility, etc [by] A. Rashid.
250 ## - EDITION STATEMENT
Edition statement [1st ed.]
260 ## - PUBLICATION, DISTRIBUTION, ETC. (IMPRINT)
Place of publication, distribution, etc Calcutta,
Name of publisher, distributor, etc Firma K. L. Mukhopadhyay,
Date of publication, distribution, etc 1969.
300 ## - PHYSICAL DESCRIPTION
Pagination ix, 288 p.
Dimensions 22 cm.
350 ## - PRICE (NR) (BK AM CF MU VM SE) [OBSOLETE]
Price 15.00
500 ## - GENERAL NOTE
General note "Substantially based on a thesis approved for the degree of Ph.D. at the University of Patna."
504 ## - BIBLIOGRAPHY, ETC. NOTE
Bibliography, etc Includes bibliographical references.
504 ## - BIBLIOGRAPHY, ETC. NOTE
Bibliography, etc Bibliography: p. [261]-274.
651 #0 - SUBJECT ADDED ENTRY--GEOGRAPHIC NAME
Geographic name India
General subdivision Civilization
Chronological subdivision 1200-1765.
942 ## - ADDED ENTRY ELEMENTS (KOHA)
Source of classification or shelving scheme Dewey Decimal Classification
Koha item type Books
Holdings
Source of classification or shelving scheme Damaged status Not for loan Home library Current library Shelving location Total Checkouts Full call number Barcode Date last seen Copy number Koha item type
Dewey Decimal Classification     JCC Rouf Library JCC Rouf Library General Stacks   954.02 RAS 1969 10020 02/10/2018 C - 1 Books

JCC Library | Contacts | JCC Home

Last Update on 23 September 2017
Copyright @ 2017-2020 JCC Rouf Library
Rouf Library, Jhenidah Cadet College (JCC), Bangladesh